| 000 | 00829nam a2200241 a 4500 | ||
|---|---|---|---|
| 001 | 000024155 | ||
| 005 | 20200930022750.0 | ||
| 008 | 110119s1972 sp a 000 0 spa d | ||
| 040 |
_aDO-SdBNP _bspa _cBNPHU |
||
| 082 |
_a598.1 _bR696r |
||
| 100 | 1 |
_aRodríguez, Fernando Luis _949598 |
|
| 245 | 1 | 0 |
_aReptiles y mamíferas ibéricos / _cFernando Luis Rodríguez ; prólogo Manuel García Lloréns. |
| 260 |
_aMadrid, (España) : _bDoncel, _c1972. |
||
| 300 |
_a224, [3] p. : _bil. ; _c18 cm. |
||
| 490 | 1 |
_aLibro joven de bolsillo _v29 |
|
| 504 | _aIncluye referencias bibliográficas (223-224) | ||
| 650 | 4 |
_aReptiles _926300 |
|
| 650 | 4 |
_aMamíferos _949599 |
|
| 650 | 4 |
_aAnimales _xBiografías _949600 |
|
| 700 | 1 |
_aGarcía Lloréns, Manuel _epról _949601 |
|
| 830 | 0 |
_aLibro joven de bolsillo ; _v29 _912847 |
|
| 049 | _aBNGR | ||
| 999 |
_c23649 _d23649 |
||